000 00558nam a2200229Ia 4500
003 OSt
005 20221005115235.0
006 a|||||r|||| 00| 0
007 ta
008 221004b |||||||| |||| 00| 0 eng d
024 _a119288
037 _cTextual
040 _aCRL
_cCRL
_beng
041 _2eng
_aeng
110 _aINdian Law Institute
_9627314
245 0 _aCases & Material on Administration & Law in India
260 _c1966
650 _aHISTORY
700 _aINdian Law Institute
942 _cTEXL
_2cc
999 _c1033906
_d1033906